00381nam a2200121Ia 4500082001200000100003300012245006000045260002800105300001000133650006700143650003300210710001600243 aTT.0120 aTaragi, Ramesh Chandra Singh 0aTehasil Almora : A study in integrated area development c1981bKumaun University a422p. aINTEGRATED AREA DEVELOPMENT PROGRAMME - UTTAR PRADESH - ALMORA aALMORA - ECONOMIC CONDITIONS aJalal, D.S.